DTLR report calls for mixed use focus (Record no. 70170)
[ view plain ]
| 000 -LEADER | |
|---|---|
| fixed length control field | 01137cam a2200229 4500 |
| 001 - CONTROL NUMBER | |
| control field | WB3817-13 |
| 008 - FIXED-LENGTH DATA ELEMENTS--GENERAL INFORMATION | |
| fixed length control field | 020507n2002 000 0 eng u |
| 035 ## - SYSTEM CONTROL NUMBER | |
| System control number | (Sirsi) u117843 |
| 245 ## - TITLE STATEMENT | |
| Title | DTLR report calls for mixed use focus |
| 260 ## - PUBLICATION, DISTRIBUTION, ETC. | |
| Date of publication, distribution, etc. | 2002 |
| 490 ## - SERIES STATEMENT | |
| Series statement | Urban Environment Today |
| Volume/sequential designation | (146) 2 May 2002, 1(1) |
| 520 ## - SUMMARY, ETC. | |
| Summary, etc. | A report commissioned by the DTLR calls for a change in the approach to achieving a mix of uses in towns other than building mixed use developments. It also highlights that many of the barriers to mixed use development have been overstated. The report suggests small scale developments, that in the bigger picture, create a more attractive town centre and greater housing choice. "Mixed use development: practice and potential" is available at http://www.planning.dtlr.gov.uk/mudpp/index.htm |
| 590 ## - LOCAL NOTE (RLIN) | |
| Local note | WB |
| 650 ## - SUBJECT ADDED ENTRY--TOPICAL TERM | |
| Topical term or geographic name entry element | MIXED-USE DEVELOPMENTS |
| 650 ## - SUBJECT ADDED ENTRY--TOPICAL TERM | |
| Topical term or geographic name entry element | TOWN CENTRES |
| 650 ## - SUBJECT ADDED ENTRY--TOPICAL TERM | |
| Topical term or geographic name entry element | Affordable housing |
| 9 (RLIN) | 6215 |
| 650 ## - SUBJECT ADDED ENTRY--TOPICAL TERM | |
| Topical term or geographic name entry element | SUSTAINABLE DEVELOPMENT |
| 650 ## - SUBJECT ADDED ENTRY--TOPICAL TERM | |
| Topical term or geographic name entry element | LOCAL AUTHORITIES |
| 650 ## - SUBJECT ADDED ENTRY--TOPICAL TERM | |
| Topical term or geographic name entry element | PLANNING POLICY |
| 690 ## - LOCAL SUBJECT ADDED ENTRY--TOPICAL TERM (OCLC, RLIN) | |
| Topical term or geographic name as entry element | ENVIRONMENTAL AND LAND CONSULTANCY-PLANNING AND DEVELOPMENT |
| 942 ## - ADDED ENTRY ELEMENTS (KOHA) | |
| Suppress in OPAC | 0 |
| Withdrawn status | Lost status | Source of classification or shelving scheme | Damaged status | Not for loan | Home library | Current library | Shelving location | Date acquired | Total Checkouts | Full call number | Barcode | Date last seen | Copy number | Price effective from | Koha item type |
|---|---|---|---|---|---|---|---|---|---|---|---|---|---|---|---|
| Dewey Decimal Classification | London | London | News article | 07/05/2002 | WB3817-13 | 117843-1001 | 06/08/2019 | 1 | 06/08/2019 | News article |